00666nam a2200193Ia 4500003000900000008004100009040001600050080001800066100002600084245009500110250001200205260005900217300000900276650004100285650003000326942000700356999001500363952009400378IN-BaIIA211028s9999 xx 000 0 eng d cIIA Library a083.8:52bMAR aMarsden, B. G.910470 0aCatalogue of cometary orbitscB. G. Marsden  a3rd ed. aCambridgebSmithsonian Astrophysical Observatoryc1979 a88p. aAstronomy and astrophysics thesaurus aCatalogue - comets910471 cBK c6348d6348 00104070aBANbBANcGENd1979-10-05l0o083.8:52/ MARp7069r2021-11-05w1979-10-05yBK